História #4 - Statistics

Estatísticas Gerais
  • Esse quiz foi jogado 199 vezes
  • A pontuação média é 5 de 15
Estatísticas das Respostas
Hint Resposta % Correto
Que o foi o líder do Nazismo? Hitler
83%
Quem foi o líder do fascismo italiano? Benito Mussolini
77%
Qual o nome da tríplice formada por estes países Alemanha, o Império Austro-Húngaro e a Itália? Tríplice Aliança
68%
Qual a tríplice que era composta pela Inglaterra, a França e a Rússia? Tríplice Entente
63%
Que nome é dado ao movimento literário e filosófico que valorizava o Homem? Humanismo
57%
Que nome se dá á atitude e prática politica, de alguns Estados, de exaltação patriótica? Nacionalismo
43%
Que nome se dá ao sistema de dominação politica, económica e cultural exercida por um estado (metrópole) sobre um ou mais territórios (as colónias) cujo o principal objectivo é a exploração económica? Colonialismo
40%
Em que ano foi fundada a Sociedade das Nações? 1919
32%
Que nome se dá á politica de expansão e domínio territorial efectivo, civilizacional e / ou económico de uma nação sobre outras? Imperialismo
30%
Que nome era dado ao documento em que o papa perdoava os pecados? Bula de indulgencias
10%
Que movimento defendia o fim da monarquia, separação da Igreja e do Estado, igualdade perante a lei, sufrágio universal, liberalismo económico, nacionalismo e colonialismo? Republicanismo
7%
Que tipo de arte é associada aos Descobrimentos? Arquitectura Gótica-manuelino
2%
Que nome é dado ao movimento cultural, que surgiu no século XVIII, e que valorizava o Homem como ser racional e esclarecido? Ilusionismo
2%
Quem foi o primeiro presidente da república? Manuel de Arriaga
2%
Na Inglaterra, nos séculos XVII e XVIII, que tipo de revolução se deu? Agrícula
1%
Nenhum quiz correspondente encontrado
Distribuição das Pontuações
Porcentagem de Pessoas com Cada Pontuação
Percentil de Números Respondidos
Sua Pontuação Histórica
Você não jogou esse quiz